000 01094nam2a2200265 4500
001 RU\NLR\bibl\1996943
005 20250616212328.0
010 _a978-5-91250-794-6
_97000
021 _aRU
_b2013-3018
_9201
035 _a(NLR Aleph) 001985342
090 _a4148711
_c4148711
100 _a20130205d2013 |||y0rusy50 ca
101 1 _arus
_ceng
102 _aRU
105 _aa |||||||||
200 0 _aКн. 2
_fПитер Кэлдэр, Берни Сиджел
_g[пер.: Е. Винецкая]
210 _d2013
_aБ. м.
215 _a285, [1] с.
320 _aБиблиогр. в подстроч. примеч.
461 0 _1001RU\NLR\bibl\2004731
_12001#$aДревний секрет источника молодости$vКн. 2
_94256950
_aКэлдер, П.
_cМосква
_d2012
_fПитер Кэлдер
_lAncient secret of the fountain of youth
_nСофия
_tДревний секрет источника молодости
_vКн. 2
701 1 _aСиджел
_bБ. С.
_gБерни С.
_4070
801 0 _aRU
_bNLR
_c20130205
_gRCR
801 1 _aRU
_bNLR
_c20130205
942 _cBOOK
980 _aNB